[Event "Tuapse Rapid op"]
[Site "Tuapse"]
[Date "2021.07.06"]
[Round "2"]
[White "Perov, German"]
[Black "Demidov, Mikhail"]
[Result "1-0"]
[WhiteElo "2108"]
[BlackElo "2530"]
[PlyCount "99"]
[EventDate "2021.07.06"]
[EventType "swiss (rapid)"]
[EventRounds "9"]
[EventCountry "RUS"]
[SourceTitle "CBM 203 Extra"]
[Source "ChessBase"]
[SourceDate "2021.09.30"]
[SourceVersion "1"]
[SourceVersionDate "2021.09.30"]
[SourceQuality "1"]

1. e4 g6 2. d4 Bg7 3. Nf3 d6 4. Bc4 e6 5. 0-0 Ne7 6. Qe2 a6 7. a4 b6 8. Nc3 Bb7 9. Bg5 h6 10. Bh4 Nd7 11. Bg3 g5 12. Rad1 Ng6 13. e5 d5 14. Bd3 c5 15. Bxg6 fxg6 16. h4 gxh4 17. Nxh4 Qg5 18. Qd3 cxd4 19. Nf3 Qf5 20. Nxd4 Qxd3 21. Rxd3 Ke7 22. f4 Rae8 23. Bh4+ Kf7 24. b4 Rhf8 25. Rg3 Bh8 26. Nce2 Kg7 27. Rc3 Rf7 28. Rc7 Nxe5 29. Rxb7 Rxb7 30. fxe5 g5 31. Bg3 Kg6 32. b5 axb5 33. Nxb5 Ra8 34. Ned4 Re7 35. Nc6 Rf7 36. Ra1 h5 37. Bf2 Rf4 38. Bd4 Kh7 39. c3 h4 40. Nc7 Rc8 41. Nxe6 Rg4 42. Nb4 h3 43. Ra2 Bxe5 44. Bxe5 Re8 45. Nxd5 Kg6 46. Nf6 h2+ 47. Kh1 Rxe6 48. Nxg4 Kf5 49. Bd4 Kxg4 50. Kxh2 1-0

[Event "Chigorin Memorial 27th"]
[Site "St Petersburg"]
[Date "2019.10.13"]
[Round "9"]
[White "Perov, German"]
[Black "Filimonov, Mikhail A"]
[Result "1/2-1/2"]
[WhiteElo "2177"]
[BlackElo "1915"]
[PlyCount "52"]
[EventDate "2019.10.05"]
[EventType "swiss"]
[EventRounds "9"]
[EventCountry "RUS"]
[SourceTitle "EXT 2021"]
[Source "ChessBase"]
[SourceDate "2020.10.23"]
[SourceVersion "1"]
[SourceVersionDate "2020.10.23"]
[SourceQuality "1"]

1. e4 e5 2. Nc3 Nc6 3. f4 exf4 4. Nf3 d6 5. d4 g5 6. g3 Bg4 7. gxf4 gxf4 8. Bxf4 Bh6 9. Rg1 Bxf3 10. Qxf3 Nxd4 11. Qg3 Bxf4 12. Qxf4 Qh4+ 13. Qxh4 Nf3+ 14. Kf2 Nxh4 15. Nb5 0-0-0 16. Nxa7+ Kb8 17. Nb5 Nf6 18. Nc3 Rhg8 19. Be2 Rde8 20. Bf3 c6 21. Rad1 Kc7 22. a4 Rg6 23. Rg3 Reg8 24. Ne2 Re8 25. Nc3 Reg8 26. Ne2 Re8 1/2-1/2

[Event "Chigorin Memorial 27th"]
[Site "St Petersburg"]
[Date "2019.10.10"]
[Round "6"]
[White "Zontakh, Andrey"]
[Black "Perov, German"]
[Result "0-1"]
[WhiteElo "2485"]
[BlackElo "2177"]
[PlyCount "124"]
[EventDate "2019.10.05"]
[EventType "swiss"]
[EventRounds "9"]
[EventCountry "RUS"]
[SourceTitle "EXT 2020"]
[Source "ChessBase"]
[SourceDate "2019.10.17"]
[SourceVersion "1"]
[SourceVersionDate "2019.10.17"]
[SourceQuality "1"]

1. d4 Nf6 2. c4 e6 3. Nf3 d5 4. Bg5 Bb4+ 5. Nc3 dxc4 6. a3 Bxc3+ 7. bxc3 c5 8. e3 cxd4 9. exd4 Qa5 10. Bxc4 Ne4 11. Bd2 0-0 12. 0-0 b6 13. Re1 Nxd2 14. Qxd2 Nd7 15. Ne5 Nf6 16. a4 Bb7 17. Bb5 Bd5 18. Qb2 Rfc8 19. Rec1 Ne4 20. c4 Bb7 21. f3 Nf6 22. c5 bxc5 23. dxc5 Bd5 24. c6 Ne8 25. Qd4 Nd6 26. Qc5 Qc7 27. Ba6 Rd8 28. Rab1 Nf5 29. Nd3 Rd6 30. Nb4 Bxf3 31. Bd3 a5 32. Na6 Rxa6 33. Rb7 Qc8 34. Bxa6 Rxc6 35. Qxc6 Bxc6 36. Rxc6 Qd8 37. Rcc7 Nd6 38. Ra7 g6 39. Bb5 Kg7 40. h3 h5 41. Kh1 h4 42. Rd7 Qf6 43. Rac7 Qa1+ 44. Kh2 Nf5 45. Rxf7+ Kh6 46. Rxf5 gxf5 47. Rc6 Qe5+ 48. Kh1 Qe1+ 49. Kh2 Kg5 50. Bc4 e5 51. Be6 f4 52. Bg4 e4 53. Rc5+ Kf6 54. Rb5 f3 55. gxf3 Qf2+ 56. Kh1 e3 57. f4 e2 58. Rf5+ Ke6 59. Re5+ Kd6 60. Rxe2 Qf1+ 61. Kh2 Qxf4+ 62. Kg2 Qxa4 0-1

[Event "Chigorin Memorial 27th"]
[Site "St Petersburg"]
[Date "2019.10.08"]
[Round "4"]
[White "Perov, German"]
[Black "Levin, Evgeny A"]
[Result "0-1"]
[WhiteElo "2177"]
[BlackElo "2511"]
[PlyCount "65"]
[EventDate "2019.10.05"]
[EventType "swiss"]
[EventRounds "9"]
[EventCountry "RUS"]
[SourceTitle "EXT 2020"]
[Source "ChessBase"]
[SourceDate "2019.10.17"]
[SourceVersion "1"]
[SourceVersionDate "2019.10.17"]
[SourceQuality "1"]

1. e4 e6 2. d4 d5 3. Nc3 Nf6 4. e5 Nfd7 5. Nce2 c5 6. c3 Nc6 7. Nf3 Qb6 8. a3 cxd4 9. cxd4 Na5 10. b4 Nc4 11. Nc3 Qc6 12. Qb3 b5 13. a4 bxa4 14. Rxa4 Ndb6 15. Ra2 a5 16. b5 Qc7 17. Bd3 Bb4 18. 0-0 Bd7 19. Rc2 h6 20. Na2 Bxb5 21. Nxb4 Ba4 22. Nxd5 exd5 23. Qb1 Bxc2 24. Qxc2 Qd8 25. g3 a4 26. e6 0-0 27. Nh4 fxe6 28. Bh7+ Kh8 29. Ng6+ Kxh7 30. Nxf8+ Kg8 31. Nxe6 Qf6 32. Nf4 Qf7 33. Rd1 0-1

[Event "Samara Polugaevsky Memorial 9th"]
[Site "Samara"]
[Date "2019.07.13"]
[Round "4"]
[White "Shapiro, David"]
[Black "Perov, German"]
[Result "1/2-1/2"]
[WhiteElo "2410"]
[BlackElo "2194"]
[PlyCount "80"]
[EventDate "2019.07.10"]
[EventType "swiss"]
[EventRounds "9"]
[EventCountry "RUS"]
[SourceTitle "EXT 2020"]
[Source "ChessBase"]
[SourceDate "2019.10.17"]
[SourceVersion "1"]
[SourceVersionDate "2019.10.17"]
[SourceQuality "1"]

1. d4 Nf6 2. Nf3 e6 3. g3 b6 4. Bg2 Bb7 5. c4 Be7 6. 0-0 0-0 7. Re1 d5 8. Ne5 c5 9. Nc3 cxd4 10. Qxd4 Bc5 11. Qh4 Ne4 12. Nxe4 Qxh4 13. gxh4 dxe4 14. Rd1 f6 15. Nd3 Be7 16. Be3 Na6 17. Rac1 Rad8 18. a3 f5 19. b4 Bxh4 20. c5 exd3 21. Bxb7 dxe2 22. Rxd8 Rxd8 23. Bf3 f4 24. Bxf4 e1Q+ 25. Rxe1 Rf8 26. Re4 g5 27. Be2 Rxf4 28. Rxf4 gxf4 29. Bxa6 bxc5 30. bxc5 f3 31. Bd3 h6 32. Be4 Kf8 33. Bxf3 e5 34. a4 Ke7 35. Kg2 Bg5 36. Bd5 Kd7 37. Kf3 Bf4 38. h3 Kc7 39. Ke4 Bh2 40. f3 Bf4 1/2-1/2

[Event "Moscow op-A 15th"]
[Site "Moscow"]
[Date "2019.01.28"]
[Round "3"]
[White "Makhnev, Denis"]
[Black "Perov, German"]
[Result "1-0"]
[WhiteElo "2495"]
[BlackElo "2191"]
[PlyCount "61"]
[EventDate "2019.01.26"]
[EventType "swiss"]
[EventRounds "9"]
[EventCountry "RUS"]
[SourceTitle "CBM 188 Extra"]
[Source "ChessBase"]
[SourceDate "2019.02.26"]
[SourceVersion "1"]
[SourceVersionDate "2019.02.26"]
[SourceQuality "1"]

1. d4 Nf6 2. c4 e6 3. g3 d5 4. Bg2 Be7 5. Nf3 0-0 6. 0-0 dxc4 7. Qc2 a6 8. a4 Bd7 9. Qxc4 Bc6 10. Bf4 Bd6 11. Nc3 Bxf4 12. gxf4 Nbd7 13. e3 Ne4 14. Rfc1 Rc8 15. Qd3 Nxc3 16. Rxc3 Bxf3 17. Bxf3 c6 18. b4 f5 19. b5 axb5 20. axb5 Nf6 21. bxc6 Nd5 22. Rc5 bxc6 23. Qc4 g5 24. Rxc6 gxf4 25. Rxc8 Qxc8 26. Bxd5 exd5 27. Qxd5+ Kh8 28. Qe5+ Kg8 29. Qxf4 Rf6 30. h3 Qc6 31. Kh2 1-0

[Event "Moscow op-A 15th"]
[Site "Moscow"]
[Date "2019.01.26"]
[Round "1"]
[White "Urazayev, Arystanbek"]
[Black "Perov, German"]
[Result "1/2-1/2"]
[WhiteElo "2450"]
[BlackElo "2191"]
[PlyCount "48"]
[EventDate "2019.01.26"]
[EventType "swiss"]
[EventRounds "9"]
[EventCountry "RUS"]
[SourceTitle "CBM 188 Extra"]
[Source "ChessBase"]
[SourceDate "2019.02.26"]
[SourceVersion "1"]
[SourceVersionDate "2019.02.26"]
[SourceQuality "1"]

1. e4 Nf6 2. e5 Nd5 3. c4 Nb6 4. d4 d6 5. exd6 exd6 6. h3 Be7 7. Bd3 0-0 8. Nf3 Nc6 9. a3 Re8 10. 0-0 Bf6 11. Be3 d5 12. c5 Nc4 13. Bxc4 dxc4 14. Nc3 Bf5 15. d5 Ne7 16. d6 cxd6 17. cxd6 Bxc3 18. bxc3 Nc8 19. Bf4 Bd3 20. Ne5 Bxf1 21. d7 Rxe5 22. dxc8Q Rxc8 23. Qxd8+ Rxd8 24. Bxe5 Bd3 1/2-1/2

[Event "Chigorin Memorial 26th"]
[Site "St Petersburg"]
[Date "2018.10.29"]
[Round "3"]
[White "Perov, German"]
[Black "Yeletsky, Ivan"]
[Result "0-1"]
[WhiteElo "2196"]
[BlackElo "2401"]
[PlyCount "70"]
[EventDate "2018.10.27"]
[EventType "swiss"]
[EventRounds "9"]
[EventCountry "RUS"]
[SourceTitle "CBM 187 Extra"]
[Source "ChessBase"]
[SourceDate "2018.11.04"]
[SourceVersion "1"]
[SourceVersionDate "2018.11.04"]
[SourceQuality "1"]

1. e4 c5 2. d4 cxd4 3. c3 dxc3 4. Nxc3 Nc6 5. Nf3 d6 6. Bc4 a6 7. 0-0 Nf6 8. Bf4 e5 9. Ng5 exf4 10. Nxf7 Qe7 11. Nxh8 Ne5 12. Bb3 g6 13. Ne2 f3 14. Nd4 Bg7 15. Nxf3 Bxh8 16. Nd4 Nxe4 17. Re1 Ng4 18. Qc2 Bxd4 19. Rxe4 Be5 20. Qc4 Nf6 21. Re3 Bxh2+ 22. Kf1 Be5 23. f4 Bd7 24. a4 Rc8 25. Qb4 Ng4 26. Rh3 Qf6 27. Re1 a5 28. Qd2 Kf8 29. Rxe5 Nxe5 30. Rxh7 Nc4 31. Qd3 Qxf4+ 32. Kg1 Bf5 33. Rh8+ Ke7 34. Rh7+ Kf6 35. Qe2 Ne5 0-1

[Event "Pardubice Czech op-A 29th"]
[Site "Pardubice"]
[Date "2018.07.28"]
[Round "9"]
[White "Perov, German"]
[Black "Hoellmann, Ludger"]
[Result "1/2-1/2"]
[WhiteElo "2256"]
[BlackElo "2145"]
[PlyCount "93"]
[EventDate "2018.07.20"]
[EventType "swiss"]
[EventRounds "9"]
[EventCountry "CZE"]
[SourceTitle "CBM 185 Extra"]
[Source "ChessBase"]
[SourceDate "2018.07.29"]
[SourceVersion "1"]
[SourceVersionDate "2018.07.29"]
[SourceQuality "1"]

1. e4 e5 2. Nc3 Nf6 3. f4 d5 4. fxe5 Nxe4 5. Qf3 Nc6 6. Bb5 Nxc3 7. bxc3 a6 8. Bxc6+ bxc6 9. Ne2 Qh4+ 10. Ng3 Be7 11. 0-0 0-0 12. Nf5 Bxf5 13. Qxf5 Qg5 14. Qxg5 Bxg5 15. d4 Be7 16. Rb1 Rab8 17. Bf4 Rb6 18. Rb3 c5 19. Rfb1 Rfb8 20. e6 fxe6 21. Bxc7 Rxb3 22. cxb3 Rc8 23. Bb6 cxd4 24. Bxd4 Bf6 25. Bxf6 gxf6 26. Rc1 Kf7 27. Kf2 e5 28. Ke2 Ke6 29. Kd3 f5 30. g3 h5 31. c4 d4 32. b4 Rd8 33. a4 e4+ 34. Ke2 h4 35. c5 hxg3 36. hxg3 Rh8 37. c6 Rh2+ 38. Kd1 e3 39. Rc2 Rh8 40. Ke2 Rh2+ 41. Kd3 Rxc2 42. Kxc2 e2 43. Kd2 d3 44. b5 axb5 45. axb5 Kd6 46. Ke1 Kc7 47. Kd2 1/2-1/2

[Event "Pardubice Czech op-A 29th"]
[Site "Pardubice"]
[Date "2018.07.24"]
[Round "5"]
[White "Perov, German"]
[Black "Jezbera, Jiri"]
[Result "1-0"]
[WhiteElo "2256"]
[BlackElo "2136"]
[PlyCount "57"]
[EventDate "2018.07.20"]
[EventType "swiss"]
[EventRounds "9"]
[EventCountry "CZE"]
[SourceTitle "CBM 185 Extra"]
[Source "ChessBase"]
[SourceDate "2018.07.29"]
[SourceVersion "1"]
[SourceVersionDate "2018.07.29"]
[SourceQuality "1"]

1. e4 c5 2. d4 cxd4 3. c3 dxc3 4. Nxc3 e6 5. Nf3 a6 6. Bc4 b5 7. Bb3 Bb7 8. 0-0 d6 9. Ng5 Be7 10. Nxf7 Kxf7 11. Qg4 Qd7 12. f4 Nf6 13. Qh3 b4 14. Na4 d5 15. Be3 Nxe4 16. Nb6 Qb5 17. f5 e5 18. Qh5+ Kf8 19. f6 Nxf6 20. Ba4 Bc5 21. Rxf6+ gxf6 22. Qh6+ Kf7 23. Bxb5 Bxb6 24. Bxb6 axb5 25. Rc1 Bc6 26. Bc7 Bd7 27. Bxe5 fxe5 28. Rf1+ Ke8 29. Qg7 1-0

[Event "Pardubice Czech op-A 29th"]
[Site "Pardubice"]
[Date "2018.07.23"]
[Round "4"]
[White "Hasangatin, Ramil"]
[Black "Perov, German"]
[Result "1-0"]
[WhiteElo "2497"]
[BlackElo "2256"]
[PlyCount "41"]
[EventDate "2018.07.20"]
[EventType "swiss"]
[EventRounds "9"]
[EventCountry "CZE"]
[SourceTitle "CBM 185 Extra"]
[Source "ChessBase"]
[SourceDate "2018.07.29"]
[SourceVersion "1"]
[SourceVersionDate "2018.07.29"]
[SourceQuality "1"]

1. e4 e5 2. Bc4 Nf6 3. d3 c6 4. Nf3 d5 5. Bb3 Bd6 6. Nc3 dxe4 7. Ng5 0-0 8. Ncxe4 Nxe4 9. Nxe4 Be7 10. Qh5 Nd7 11. Ng5 Bxg5 12. Bxg5 Qa5+ 13. Bd2 Qc7 14. 0-0 b5 15. Rae1 a5 16. c3 Ba6 17. Re3 a4 18. Rh3 Nf6 19. Qh4 Bc8 20. Rg3 Bf5 21. Rxg7+ 1-0

[Event "Voronezh op-A 22nd"]
[Site "Voronezh"]
[Date "2018.06.20"]
[Round "8"]
[White "Triapishko, Alexandr"]
[Black "Perov, German"]
[Result "1-0"]
[WhiteElo "2513"]
[BlackElo "2159"]
[PlyCount "63"]
[EventDate "2018.06.12"]
[EventType "swiss"]
[EventRounds "9"]
[EventCountry "RUS"]
[SourceTitle "CBM 185 Extra"]
[Source "ChessBase"]
[SourceDate "2018.07.29"]
[SourceVersion "1"]
[SourceVersionDate "2018.07.29"]
[SourceQuality "1"]

1. Nf3 Nf6 2. b3 d5 3. Bb2 e6 4. c4 Be7 5. g3 b6 6. Bg2 Bb7 7. 0-0 0-0 8. Nc3 c5 9. e3 Nc6 10. d3 Qd7 11. Qe2 Rfd8 12. Rfd1 Qe8 13. Rac1 Rac8 14. h3 h6 15. g4 Rd7 16. cxd5 Nxd5 17. Nxd5 Rxd5 18. d4 Rd7 19. dxc5 Bxc5 20. g5 hxg5 21. Nxg5 Be7 22. Rxd7 Qxd7 23. Rd1 Qc7 24. Nxf7 Kxf7 25. Qh5+ Kg8 26. Be4 Nd4 27. Qh7+ Kf8 28. Bxd4 Bxe4 29. Qxg7+ Ke8 30. Qg8+ Kd7 31. Be5+ Bd5 32. Rxd5+ 1-0

[Event "Voronezh op-A 22nd"]
[Site "Voronezh"]
[Date "2018.06.19"]
[Round "7"]
[White "Perov, German"]
[Black "Sergienko, Sergey"]
[Result "1-0"]
[WhiteElo "2159"]
[BlackElo "2315"]
[PlyCount "41"]
[EventDate "2018.06.12"]
[EventType "swiss"]
[EventRounds "9"]
[EventCountry "RUS"]
[SourceTitle "CBM 185 Extra"]
[Source "ChessBase"]
[SourceDate "2018.07.29"]
[SourceVersion "1"]
[SourceVersionDate "2018.07.29"]
[SourceQuality "1"]

1. e4 c5 2. d4 cxd4 3. c3 dxc3 4. Nxc3 Nc6 5. Nf3 e6 6. Bc4 a6 7. 0-0 Nge7 8. Bg5 f6 9. Be3 Ng6 10. Bb3 b5 11. Nd5 Rb8 12. Rc1 Kf7 13. Re1 Nce7 14. Nc7 Bb7 15. Ng5+ fxg5 16. Qf3+ Nf4 17. Bxf4 Nf5 18. Be5 Ke7 19. Qg4 Nh6 20. Qxg5+ Kf7 21. Qf4+ 1-0

[Event "Voronezh op-A 22nd"]
[Site "Voronezh"]
[Date "2018.06.14"]
[Round "3"]
[White "Perov, German"]
[Black "Martynyuk, Elizaveta"]
[Result "1-0"]
[WhiteElo "2159"]
[BlackElo "2229"]
[PlyCount "77"]
[EventDate "2018.06.12"]
[EventType "swiss"]
[EventRounds "9"]
[EventCountry "RUS"]
[SourceTitle "CBM 185 Extra"]
[Source "ChessBase"]
[SourceDate "2018.07.29"]
[SourceVersion "1"]
[SourceVersionDate "2018.07.29"]
[SourceQuality "1"]

1. e4 c5 2. d4 cxd4 3. c3 dxc3 4. Nxc3 Nc6 5. Nf3 e6 6. Bc4 a6 7. 0-0 Nge7 8. Bg5 h6 9. Be3 b5 10. Bb3 Bb7 11. Re1 Na5 12. Ne5 Nxb3 13. Bb6 Qc8 14. Qf3 Nf5 15. axb3 Bd6 16. Qg4 Bxe5 17. exf5 Bf6 18. Bd4 Bxd4 19. Qxd4 0-0 20. f6 g6 21. Qf4 Kh7 22. Re3 Rg8 23. Rh3 g5 24. Qd4 Rg6 25. Rd1 Bc6 26. f4 gxf4 27. Qxf4 Rxg2+ 28. Kf1 Rg6 29. Ne4 Bxe4 30. Qxe4 Kh8 31. Qf4 Kh7 32. Qe4 Kg8 33. Rg3 Qe8 34. Rd4 Rc8 35. Qd3 Rc1+ 36. Kf2 d5 37. Rh4 e5 38. Rxh6 e4 39. Rgxg6+ 1-0

[Event "Voronezh op-A 22nd"]
[Site "Voronezh"]
[Date "2018.06.13"]
[Round "2"]
[White "Makarian, Rudik"]
[Black "Perov, German"]
[Result "1-0"]
[WhiteElo "2343"]
[BlackElo "2159"]
[PlyCount "81"]
[EventDate "2018.06.12"]
[EventType "swiss"]
[EventRounds "9"]
[EventCountry "RUS"]
[SourceTitle "CBM 185 Extra"]
[Source "ChessBase"]
[SourceDate "2018.07.29"]
[SourceVersion "1"]
[SourceVersionDate "2018.07.29"]
[SourceQuality "1"]

1. Nf3 Nf6 2. c4 e6 3. b3 d5 4. Bb2 b6 5. e3 Bb7 6. Be2 Be7 7. 0-0 0-0 8. Qc2 c5 9. cxd5 Nxd5 10. a3 Nc6 11. d3 Bf6 12. Nc3 Nxc3 13. Bxc3 Bxc3 14. Qxc3 Qe7 15. Rac1 Rac8 16. Rfd1 Rfd8 17. Qb2 Ba6 18. Rb1 e5 19. b4 e4 20. dxe4 Bxe2 21. Qxe2 Rxd1+ 22. Qxd1 cxb4 23. axb4 Nxb4 24. Nd4 g6 25. Qg4 Rd8 26. h4 h5 27. Qg3 a5 28. e5 Kh7 29. f4 a4 30. Qe1 Nd3 31. Qc3 a3 32. Qxd3 a2 33. Ra1 Qb4 34. Qb3 Rxd4 35. Qxf7+ Kh6 36. exd4 Qxd4+ 37. Kh2 Qxa1 38. Qg8 Qh1+ 39. Kxh1 a1Q+ 40. Kh2 Qa7 41. Qh8+ 1-0

[Event "Voronezh op-A 22nd"]
[Site "Voronezh"]
[Date "2018.06.12"]
[Round "1"]
[White "Perov, German"]
[Black "Palachev, Petr"]
[Result "0-1"]
[WhiteElo "2159"]
[BlackElo "2405"]
[PlyCount "112"]
[EventDate "2018.06.12"]
[EventType "swiss"]
[EventRounds "9"]
[EventCountry "RUS"]
[SourceTitle "CBM 185 Extra"]
[Source "ChessBase"]
[SourceDate "2018.07.29"]
[SourceVersion "1"]
[SourceVersionDate "2018.07.29"]
[SourceQuality "1"]

1. e4 c5 2. d4 cxd4 3. c3 dxc3 4. Nxc3 Nc6 5. Nf3 e6 6. Bc4 a6 7. 0-0 b5 8. Bb3 Bb7 9. Re1 Nge7 10. Bg5 f6 11. Be3 Na5 12. Bd5 exd5 13. exd5 Kf7 14. Nh4 d6 15. b4 Nc4 16. Bd4 Qd7 17. Qh5+ g6 18. Qf3 Bg7 19. g4 Ne5 20. Bxe5 dxe5 21. Rxe5 Rhe8 22. Re3 Rad8 23. Rd1 g5 24. Nf5 Nxf5 25. gxf5 Rxe3 26. fxe3 Bf8 27. a3 Bd6 28. e4 Rc8 29. Kh1 Be5 30. Ne2 Rc4 31. h4 h6 32. Nc1 Kg7 33. Nd3 Bd6 34. Nf2 Qe7 35. hxg5 hxg5 36. Kg2 Rc8 37. Rh1 Rh8 38. Rxh8 Kxh8 39. Qh5+ Kg7 40. Qg6+ Kf8 41. Qh5 Qf7 42. Qh8+ Ke7 43. Kf1 Bxd5 44. exd5 Qxd5 45. Qh7+ Qf7 46. Qh3 Qc4+ 47. Kg1 Be5 48. Qf3 Bd4 49. Qb7+ Kd6 50. Qb8+ Qc7 51. Qf8+ Kc6 52. Kg2 Kb7 53. Ng4 Qc2+ 54. Kg3 Qd3+ 55. Kg2 Qe4+ 56. Kg3 Qf4+ 0-1

[Event "RUS GP rap"]
[Site "Serpukhov"]
[Date "2018.02.24"]
[Round "8"]
[White "Popov, Ivan1111"]
[Black "Perov, German"]
[Result "1-0"]
[WhiteElo "2608"]
[BlackElo "2069"]
[PlyCount "67"]
[EventDate "2018.02.23"]
[EventType "swiss (rapid)"]
[EventRounds "11"]
[EventCountry "RUS"]
[SourceTitle "CBM 183 Extra"]
[Source "ChessBase"]
[SourceDate "2018.04.19"]
[SourceVersion "1"]
[SourceVersionDate "2018.04.19"]
[SourceQuality "1"]

1. e4 e6 2. d4 d5 3. Nd2 c5 4. Ngf3 cxd4 5. Nxd4 Nf6 6. exd5 Qxd5 7. Nb5 Na6 8. Nc3 Qd8 9. a3 Be7 10. Qf3 Nc7 11. Bd3 0-0 12. 0-0 Ncd5 13. Nce4 Bd7 14. c4 Nc7 15. Nxf6+ Bxf6 16. Qxb7 Rb8 17. Qe4 g6 18. Rb1 e5 19. Qe2 Ne6 20. Ne4 Bg7 21. f3 f5 22. Nc3 e4 23. fxe4 f4 24. Nd5 Nd4 25. Qf2 g5 26. b4 f3 27. Be3 Bg4 28. Bxd4 fxg2 29. Qe3 gxf1Q+ 30. Rxf1 Rxf1+ 31. Bxf1 Rb7 32. e5 Rd7 33. e6 Bxe6 34. Qxe6+ 1-0

[Event "Kolomna rapid op"]
[Site "Kolomna"]
[Date "2018.02.17"]
[Round "11"]
[White "Voit, Daria"]
[Black "Perov, German"]
[Result "0-1"]
[WhiteElo "2390"]
[BlackElo "2069"]
[PlyCount "72"]
[EventDate "2018.02.16"]
[EventType "swiss (rapid)"]
[EventRounds "11"]
[EventCountry "RUS"]
[SourceTitle "CBM 183 Extra"]
[Source "ChessBase"]
[SourceDate "2018.04.19"]
[SourceVersion "1"]
[SourceVersionDate "2018.04.19"]
[SourceQuality "1"]

1. d4 Nf6 2. Nf3 e6 3. c4 d5 4. g3 Bb4+ 5. Bd2 Bd6 6. Bg2 c6 7. Qc2 0-0 8. 0-0 Nbd7 9. a4 Ne4 10. a5 a6 11. Rc1 f5 12. Be1 g5 13. b3 g4 14. Nfd2 Qe7 15. f3 Ng5 16. Nc3 h5 17. e4 gxf3 18. Nxf3 fxe4 19. Nh4 Qg7 20. Qd1 Nf6 21. h3 e5 22. cxd5 cxd5 23. dxe5 Bxe5 24. Nxd5 Nxd5 25. Rxc8 Bd4+ 26. Kh2 Raxc8 27. Ra4 Nc3 28. Qxd4 Nxa4 29. Qxa4 Nf3+ 30. Bxf3 exf3 31. Qe4 Rce8 32. Qd5+ Qf7 33. Qg5+ Kh7 34. Bf2 Re2 35. Qc5 Rd8 36. g4 Qf4+ 0-1

[Event "RUS-chT rapid"]
[Site "Sochi"]
[Date "2017.10.03"]
[Round "2.1"]
[White "Kurbedinov, Ramis"]
[Black "Perov, German"]
[Result "1/2-1/2"]
[WhiteElo "2309"]
[BlackElo "2196"]
[PlyCount "67"]
[EventDate "2017.10.03"]
[EventType "team-swiss (rapid)"]
[EventRounds "9"]
[EventCountry "RUS"]
[SourceTitle "EXT 2018"]
[Source "ChessBase"]
[SourceDate "2017.10.13"]
[SourceVersion "1"]
[SourceVersionDate "2017.10.13"]
[SourceQuality "1"]
[WhiteTeam "Our Crimea Republic of Crimea"]
[BlackTeam "Moscow Karpov School"]
[WhiteTeamCountry "RUS"]
[BlackTeamCountry "RUS"]

1. d4 d5 2. Nf3 Nf6 3. c4 e6 4. Nc3 c5 5. cxd5 Nxd5 6. e3 Nc6 7. Bd3 cxd4 8. exd4 Be7 9. 0-0 0-0 10. Qe2 Nf6 11. Rd1 Nb4 12. Bc4 Nbd5 13. Ne5 Nxc3 14. bxc3 b6 15. Nc6 Qc7 16. Nxe7+ Qxe7 17. a4 Rd8 18. Bg5 Bb7 19. a5 h6 20. Bh4 g5 21. Bg3 Ne4 22. Qh5 Qf6 23. Bd3 Nxg3 24. fxg3 Rac8 25. Rf1 Qg7 26. axb6 axb6 27. Ra7 Rd7 28. d5 Bc6 29. Rxd7 Bxd7 30. c4 exd5 31. cxd5 Qd4+ 32. Kh1 Qxd3 33. Qxf7+ Kh8 34. Qf6+ 1/2-1/2

[Event "RUS-ch blitz"]
[Site "Sochi"]
[Date "2017.10.02"]
[Round "2"]
[White "Perov, German"]
[Black "Sarana, Alexey"]
[Result "0-1"]
[WhiteElo "2162"]
[BlackElo "2541"]
[PlyCount "106"]
[EventDate "2017.10.02"]
[EventType "swiss (blitz)"]
[EventRounds "20"]
[EventCountry "RUS"]
[SourceTitle "EXT 2018"]
[Source "ChessBase"]
[SourceDate "2017.10.13"]
[SourceVersion "1"]
[SourceVersionDate "2017.10.13"]
[SourceQuality "1"]

1. e4 d6 2. d4 Nf6 3. Nc3 e5 4. Nge2 Nc6 5. h3 g6 6. g4 Bg7 7. Bg2 exd4 8. Nxd4 Nxd4 9. Qxd4 0-0 10. Qd3 c6 11. 0-0 Be6 12. Bf4 d5 13. exd5 Nxd5 14. Nxd5 cxd5 15. c3 Qb6 16. Be3 Qxb2 17. Bxd5 Rad8 18. c4 Qe5 19. f4 Qc7 20. Rab1 Rfe8 21. Rfd1 b6 22. Qb3 Bxd5 23. cxd5 Qe7 24. Bf2 Qd6 25. Qa4 Re2 26. Re1 Rxe1+ 27. Rxe1 Qxd5 28. Qxa7 Bd4 29. Qe7 Bxf2+ 30. Kxf2 Qxa2+ 31. Re2 Qd5 32. h4 Qc5+ 33. Qxc5 bxc5 34. Rc2 Rc8 35. Ke3 Kf8 36. Ke4 Ke7 37. Kd5 Rd8+ 38. Ke5 f6+ 39. Ke4 Rd4+ 40. Ke3 Kd6 41. Ra2 Kd5 42. Ra6 f5 43. gxf5 gxf5 44. Rh6 Re4+ 45. Kf3 Re7 46. Rf6 c4 47. Rxf5+ Kd4 48. Rf8 c3 49. Rd8+ Kc4 50. f5 c2 51. Rc8+ Kd3 52. Kf4 Re4+ 53. Kg5 Rc4 0-1

[Event "RUS-ch blitz"]
[Site "Sochi"]
[Date "2017.10.02"]
[Round "1"]
[White "Sarana, Alexey"]
[Black "Perov, German"]
[Result "1-0"]
[WhiteElo "2541"]
[BlackElo "2162"]
[PlyCount "75"]
[EventDate "2017.10.02"]
[EventType "swiss (blitz)"]
[EventRounds "20"]
[EventCountry "RUS"]
[SourceTitle "EXT 2018"]
[Source "ChessBase"]
[SourceDate "2017.10.13"]
[SourceVersion "1"]
[SourceVersionDate "2017.10.13"]
[SourceQuality "1"]

1. Nf3 Nf6 2. d4 d5 3. c4 e6 4. Nc3 c5 5. cxd5 Nxd5 6. e4 Nxc3 7. bxc3 cxd4 8. cxd4 Bb4+ 9. Bd2 Bxd2+ 10. Qxd2 0-0 11. Bc4 Nd7 12. 0-0 b6 13. a4 a5 14. Bb5 Bb7 15. Rfe1 Nf6 16. Bd3 Rc8 17. Rab1 Rc6 18. e5 Nd5 19. Ng5 h6 20. Ne4 Qc7 21. Nd6 Nb4 22. Be4 Nd5 23. Bxd5 exd5 24. Rb3 Rc2 25. Qf4 Bc8 26. Rg3 Kh7 27. h4 Be6 28. Kh2 f6 29. Qe3 f5 30. Qf4 Qd7 31. h5 Rc7 32. Ree3 Qxa4 33. Rg6 Qd7 34. Reg3 Rg8 35. Rxe6 Qxe6 36. Rg6 Qe7 37. Nxf5 Qf7 38. Rxh6+ 1-0

[Event "RUS-chT U14"]
[Site "Sochi"]
[Date "2017.05.09"]
[Round "8.5"]
[White "Perov, German"]
[Black "Grachev, Alexey1111"]
[Result "1-0"]
[WhiteElo "1944"]
[BlackElo "2147"]
[PlyCount "81"]
[EventDate "2017.05.01"]
[EventType "team-tourn"]
[EventRounds "9"]
[EventCountry "RUS"]
[SourceTitle "CBM 178 Extra"]
[Source "ChessBase"]
[SourceDate "2017.06.22"]
[SourceVersion "1"]
[SourceVersionDate "2017.06.22"]
[SourceQuality "1"]

1. e4 c5 2. d4 cxd4 3. c3 dxc3 4. Nxc3 Nc6 5. Nf3 e6 6. Bc4 Qc7 7. Qe2 a6 8. 0-0 Nge7 9. Rd1 d6 10. Ng5 h6 11. Qh5 g6 12. Qh4 Bg7 13. Nh3 Nd4 14. Bd3 g5 15. Qg3 Be5 16. f4 gxf4 17. Bxf4 Rg8 18. Qf2 Ng6 19. Bxh6 Nh4 20. Bg5 Ndf3+ 21. gxf3 Bd4 22. Bb5+ axb5 23. Rxd4 Qc5 24. Kh1 Nxf3 25. Qxf3 Qxd4 26. Nxb5 Qc5 27. Qf6 Rxg5 28. Qxg5 Qc6 29. Nc3 b6 30. Rf1 Kf8 31. Qd8+ Qe8 32. Qxd6+ Qe7 33. Qe5 Ke8 34. Nb5 Ra5 35. Qh8+ Kd7 36. Rd1+ Kc6 37. Qxc8+ Kxb5 38. b3 Ra3 39. Qc4+ Ka5 40. Rd4 f5 41. b4+ 1-0